Literary wise men of Gotham ; criticism in New York, 1815-1860.

Bibliographic Details
Main Author: Pritchard, John Paul, 1902-1976
Format: Book
Language:English
Published: [Baton Rouge] : Louisiana State University Press, [1963]
Subjects:

MARC

Tag First Indicator Second Indicator Subfields
LEADER 00000cam a2200000 4500
001 in00000036460
005 20151007060856.0
008 750617s1963 lau b s00000 eng
010 |a  63019231  
035 |a (OCoLC)01395489 
035 |9 AAD0450AM 
040 |a DLC  |c DZM  |d OCL  |d TXA  |d UtOrBLW 
049 |a TXAM  |c [366145] 
050 0 0 |a PN99.U52  |b P7 
092 |a 801.9  |b P961 
100 1 |a Pritchard, John Paul,  |d 1902-1976. 
245 1 0 |a Literary wise men of Gotham ;  |b criticism in New York, 1815-1860. 
264 1 |a [Baton Rouge] :  |b Louisiana State University Press,  |c [1963] 
300 |a ix, 200 pages ;  |c 24 cm. 
336 |a text  |b txt  |2 rdacontent 
337 |a unmediated  |b n  |2 rdamedia 
338 |a volume  |b nc  |2 rdacarrier 
504 |a "Bibliographical notes": pages 181-195. 
650 0 |a Criticism  |z New York (State)  |z New York. 
650 0 |a American literature  |y 19th century  |x History and criticism. 
999 |a MARS 
999 f f |s 24d9816f-2b0b-35d1-a227-eb4d4eff2643  |i 721dada8-b93d-3f98-8994-bd8e579e77a2  |t 0 
952 f f |p ric  |a Texas A&M University  |b Rellis Campus  |c Joint Library Facility  |d Remote Storage  |t 0  |e PN99 U52 P7  |h Library of Congress classification  |i unmediated -- volume  |m A14801191194 
998 f f |a PN99 U52 P7  |t 0  |l Remote Storage